| 000 | 00331nam a2200121Ia 4500 | ||
|---|---|---|---|
| 005 | 20251222144629.0 | ||
| 008 | 251222s9999||||xx |||||||||||||| ||spa|| | ||
| 082 | _a372.7/L33/Ej.2 | ||
| 100 | _aLeal Espinoza, René | ||
| 245 | 0 | _aLa Resolución de Problemas Matemáticos | |
| 264 | _bUniversidad Pedagógica Nacional | ||
| 942 | _cLIB | ||
| 999 |
_c16222 _d16222 |
||